• 首页
  • 本馆介绍
  • 公告通知
  • 最新文献
  • 馆藏检索
  • 电子资源
  • 读者导购
  • 参考咨询
  • 我的图书馆
  • 登录
  • 详细信息显示
  • 放入我的书架
  • 预约/预借图书
  • 作者相关作品
  • 分类相关作品
  • 丛书相关作品
  • 出版社相关作品

书目信息

  • 表格格式
  • 工作单格式
  • 卡片格式
题名:
工业催化
    
 
作者: 黄仲涛 , 耿建铭 编著
分册:  
出版信息: 北京   化学工业出版社  2006
页数: 283页
开本: 26cm
丛书名:
单 册:
中图分类: TQ032.4
科图分类:
主题词: 化工过程--催化--高等学校--教材 , 化工过程 , 催化
电子资源:
ISBN: 7-5025-8742-X
000 00966nam0 2200289 450
001 012007562890
005 20070626112120.18
010    @a7-5025-8742-X@dCNY29.80
100    @a20070515d2006 km y0chiy0120 ea
101 0  @achi
102    @aCN@b110000
105    @ay z 000yy
106    @ar
200 1  @a工业催化@Agong ye cui hua@f黄仲涛,耿建铭编著@Fhuang zhong tao,geng jian ming bian zhu
205    @a2版
210    @a北京@c化学工业出版社@d2006
215    @a283页@d26cm
300    @a普通高等教育“十一五”国家级规划教材
330    @a本书系《工业催化》的第二版。在第一版传统催化理论和技术的基础上,本书着重概括近十几年来催化科学与技术发展的新领域、新成就,即用于能源、环境。
606 0  @a化工过程@x催化@x高等学校@j教材
606 0  @a化工过程
606 0  @a催化
690    @aTQ032.4@v4
701  0 @a黄仲涛@Ahuang zhong tao@f(1927.11~)@4编著
701  0 @a耿建铭@Ageng jian ming@4编著
801  0 @aCN@bRULIN@c20070626
905    @dTQ032.4@e133=2@s8
    
    工业催化/黄仲涛,耿建铭编著.-2版.-北京:化学工业出版社,2006
    283页;26cm
    普通高等教育“十一五”国家级规划教材
    
    ISBN 7-5025-8742-X:CNY29.80
    本书系《工业催化》的第二版。在第一版传统催化理论和技术的基础上,本书着重概括近十几年来催化科学与技术发展的新领域、新成就,即用于能源、环境。
●
相关链接 在E读中查询图书 在五车中查询图书 在当当中查询图书 在豆瓣中查询图书


正题名:工业催化     索取号:TQ032.4/133=2         预约/预借

序号 登录号 条形码 馆藏地/架位号 状态 备注
1 0580021   205800212   第二样本阅览室/ [索取号:TQ032.4/133=2] 在馆    
2 0580022   205800221   第三借阅区/ [索取号:TQ032.4/133=2] 在馆    
3 0580023   205800230   第三借阅区/ [索取号:TQ032.4/133=2] 在馆    
4 0580024   205800249   第三借阅区/ [索取号:TQ032.4/133=2] 在馆    
5 0580025   205800258   密集书库/ [索取号:TQ032.4/133=2] 在馆    
6 0580026   205800267   密集书库/ [索取号:TQ032.4/133=2] 在馆    
7 0580027   205800276   第三借阅区/ [索取号:TQ032.4/133=2] 在馆    
8 0580028   205800285   密集书库/ [索取号:TQ032.4/133=2] 在馆    
唐山师范学院图书馆 欢迎您!
大连网信软件有限公司© 版权所有